Responses for Show #5915 - Friday, May 7, 2010

2009-2010 Million Dollar Celebrity Invitational final game 2.

Contestants

[<< previous game]

Jane Curtin, an actress from Kate & Allie and 3rd Rock from the Sun (subtotal of $29,000)

Cheech Marin, an actor, comedian, director, writer and musician from Lost (subtotal of $6,600)

Michael McKean, a Grammy winner, Oscar nominee and multi-talented performer from Hairspray and The Pajama Game (subtotal of $31,600)

[next game >>]

Jeopardy! Round responses

LIFE WITH THE HOOD
CELEBRITY MOMS
(Alex: ...in honor of Mother's Day on Sunday.)
HOTELS
THE BIBLICAL SENSE
BRANDS THAT SOUND LIKE VERBS
A NEGATIVE ATTITUDE
    $200 16
Little John

Michael
    $200 8
Gwen Stefani

Jane
    $200 7
Jerusalem

Jane
    $200 2
Solomon

Michael
    $200 1
Lay's

Cheech
    $200 22
N

Jane
    $400 17
the Sheriff of Nottingham

Michael
    $400 9
Nicole Kidman

Cheech
    $400 13
Japan

Jane
    $400 3
(Cheech: What is blind--uh, [*]?)

sight

Cheech
    $400 23
Pampers

Cheech
    $400 27
nein

Michael
    $600 18
Maid Marian

Cheech
    $600 10
Jennifer Garner

Jane
    $600 14
château

Jane
    $600 4
Adam

Cheech
    $2,000 24
(Alex: Jane's got it if you need help, but you're obviously not going to come up with "What is [*]?")

Sprint

Cheech
    $600 28
prohibition

Triple Stumper
    $800 19
Friar Tuck

Triple Stumper
    $800 11
Courtney Love

Cheech
    $800 15
(Cheech: What is Madrid?)

Costa Rica

Cheech
Triple Stumper
    $800 5
manna

Michael
    $800 25
Shout

Jane
    $800 29
[The end-of-round signal sounds.]

anti-

Michael
    $1000 20
(Michael: Who is Alan-a-Dale?)

Will Scarlet

MichaelCheech
    $1000 12
Gwyneth Paltrow

Michael
    $1000 21
Shangri-La

Cheech
    $1000 6
touch it

Triple Stumper
    $1000 26
Hertz

Cheech

Scores at the first commercial break (after clue 15):

Michael Cheech Jane
$2,000 $1,600 $2,000

Scores at the end of the Jeopardy! Round:

Michael Cheech Jane
$2,800 $3,600 $3,000

Double Jeopardy! Round responses

THE SPIRIT OF 1976
THE NEW YORK TIMES MOVIES
HOW LOW CAN YOU GO?
SCIENCE
THEIR MAIN MUSICAL INSTRUMENT
RETRONYMS
(Alex: These are words or terms that were retroactively created, like "snail mail". That's just an example for you.)
    $400 30
Jimmy Carter

Cheech
    $400 5
(Alex: You got it.)
(Cheech: Um... How would I know that?)

Hot Tub Time Machine

Cheech
    $400 6
jacks

Jane
    $400 16
pencil

Jane
    $400 11
piano

Jane
    $400 18
tap water

Jane
    $800 29
Innsbruck

Cheech
    $800 4
Sherlock Holmes

Michael
    $800 7
a pun

Cheech
    $800 17
vitamin deficiency

Michael
    $800 12
trumpet

Cheech
    $800 25
vinyl

Jane
    $1200 21
(Cheech: Who is--uh--)
...
(Alex: Yes. Remember we're dealing with 1976.)

Mao Tse-tung

MichaelCheech
    $1200 1
Tim Burton

Michael
    $1200 8
an amoeba

Jane
    $1200 19
tides

Michael
    $1200 13
violin

Cheech
    $1200 26
(Jane: What are big box stores?)

bricks & mortar

CheechJane
    $1600 22
(Cheech: What is Montreal?)

Toronto

CheechJane
    $1600 2
Clash of the Titans

Michael
    $1600 9
a tuba

Jane
    $2,500 20
an electrolyte

Michael
    $1600 14
(Jane: Oh, I have no idea--I think it's a--trumpet.)

saxophone

CheechJane
    $1600 27
natural

Triple Stumper
    $2000 23
(Cheech: What is South Africa?)

Vietnam

Cheech
Triple Stumper
    $2000 3
Miley Cyrus

Jane
    $1,000 10
(Cheech: Bet it all!)
...
(Alex: Cheech will tell you now you should've bet it all.)
(Cheech: Just trying to help here.)
(Jane: Uh, yeah, in retrospect.)

mercury

Jane
    $2000 24
the periodic table

Michael
    $2000 15
a flute

Jane
    $2000 28
(Michael: What is analog TV?)
(Jane: What is network?)

broadcast

MichaelJane
Triple Stumper

Scores at the end of the Double Jeopardy! Round:

Michael Cheech Jane
$12,100 $6,000 $10,000

[wagering suggestions for these scores]

Final Jeopardy! Round responses

MIDDLE EAST COUNTRIES
(Alex: Used to be called Trans-[*].)
...
(Alex: Michael, congratulations.)
(Michael: Oh, it was a pleasure.)
(Alex: Hey, the streak--the streak is alive. He has never lost on Jeopardy!)
(Michael: There's always tomorrow.)
(Alex: There's always tomorrow, and we'll be back next week on Jeopardy!)
CheechWhat is Jordan
$6,000
JaneWhat is?
$9,999
MichaelWhat is Trans Palestine
$8,000
Jordan

Final scores:

Michael Cheech Jane
$4,100 $12,000 $1

Cumulative scores:

Michael Cheech Jane
$35,700 $18,600 $29,001
Tournament champion: $1,000,000 to the International Myeloma Foundation 2nd runner-up: $100,000 to the Hispanic Scholarship Fund 1st runner-up: $250,000 to the U.S. Fund for UNICEF

Game dynamics:

Coryat scores:

Michael Cheech Jane
$11,200 $8,000 $11,000
15 R
(including 1 DD),
2 W
18 R,
5 W
(including 1 DD)
18 R
(including 1 DD),
3 W

Combined Coryat: $30,200

[game clues] [game scores] [suggest correction]

Game tape date: 2010-04-17
The J! Archive is created by fans, for fans. Scraping, republication, monetization, and malicious use prohibited; this site may use cookies and collect identifying information. See terms. The Jeopardy! game show and all elements thereof, including but not limited to copyright and trademark thereto, are the property of Jeopardy Productions, Inc. and are protected under law. This website is not affiliated with, sponsored by, or operated by Jeopardy Productions, Inc. Join the discussion at JBoard.tv.